000 00318nam a22001337a 4500
008 160526b xxu||||| |||| 00| 0 eng d
020 _a9780073122755
020 _a9780073122755
020 _a0073122755
041 _aeng
080 _a615
245 _aPharmacology an introduction:
_cHitner Nagle;
942 _2udc
_cBK
999 _c2432
_d2432